000 00686nam a2200253Ia 4500
001 36298
005 20240114001849.0
007 ta
008 070413s1921 a g b000 u 465 u
040 _aCotton College,Assam
041 _a465
082 _a677
_bW 857 T
100 _aWoodhouse , Thomas .
245 0 _aTextile Mechanics /
_cThomas Woodhouse & Alexander Brand.
_hTextual Documents
250 _a1st ed. /
260 _aLondon :
_bBlackie & Sons Ltd ,
_c1921.
300 _a176p. :
_bill ;
_c20cm .
653 _aTextile Mechanics
653 _aG-Technology
700 _aBrand, Alexander .
942 _2ddc
_cBK
999 _c36280
_d36280